[Event "Bydgoszcz Bank Pocztowy op"]
[Site "Bydgoszcz"]
[Date "1999.07.14"]
[Round "3"]
[White "Antoniewski, Rafal"]
[Black "Jaracz, Barbara"]
[Result "1-0"]
[WhiteElo "2417"]
[BlackElo "2293"]
[EventDate "1999.07.12"]
[PlyCount "95"]

1.e4 e5 2.Nf3 Nc6 3.Bb5 a6 4.Ba4 Nf6 5.O-O Be7 6.Re1 b5 7.Bb3 d6 8.c3 O-O 
9.h3 h6 10.d4 Re8 11.Nbd2 Bf8 12.a3 Bb7 13.Bc2 Nb8 14.b4 Nbd7 15.d5 c6 16.
c4 Rc8 17.dxc6 Bxc6 18.cxb5 axb5 19.Bb2 Nb6 20.Rc1 Qd7 21.Bd3 Nh5 22.Qb3 
Nf4 23.Bf1 g5 24.h4 gxh4 25.Nxh4 Qg4 26.Nf5 Bd7 27.Re3 Rxc1 28.Bxc1 Qh5 
29.Rg3+ Kh8 30.Nf3 Be6 31.Qd1 Nc4 32.Bxf4 Bxf5 33.exf5 exf4 34.Qd4+ Ne5 
35.Qxf4 Nxf3+ 36.Rxf3 Re5 37.Qd4 Kh7 38.Qd3 Qg5 39.f6+ Kh8 40.Qb3 Qg6 41.
Qc3 Rg5 42.Re3 h5 43.Re8 Qh6 44.Rb8 h4 45.Rxb5 d5 46.Rb8 Rg8 47.Rd8 Qf4 
48.Rxd5 1-0

[Event "Bydgoszcz Bank Pocztowy op"]
[Site "Bydgoszcz"]
[Date "1999.07.14"]
[Round "3"]
[White "Braslavsky, Aleksandr"]
[Black "Gashimov, Vugar"]
[Result "0-1"]
[WhiteElo "2295"]
[BlackElo "2426"]
[EventDate "1999.07.12"]
[PlyCount "84"]

1.e4 c5 2.Nf3 d6 3.d4 cxd4 4.Nxd4 Nf6 5.Nc3 a6 6.Bc4 e6 7.Bb3 Be7 8.Be3 
O-O 9.g4 d5 10.exd5 exd5 11.Rg1 Bb4 12.Nf5 Nc6 13.Qf3 Ne5 14.Qf4 Bxf5 15.
Qxf5 Nc4 16.Bxc4 dxc4 17.Rd1 Qe7 18.g5 Ne4 19.Rd7 Qe8 20.Rg4 Nxc3 21.bxc3 
Bxc3+ 22.Kf1 Rd8 23.Rxd8 Qxd8 24.Rxc4 Qa5 25.Qd7 Qxa2 26.Rc8 Bb4 27.Qxb7 
Qe6 28.Rxf8+ Bxf8 29.Qc7 Qf5 30.c4 a5 31.c5 a4 32.Qa5 Qd3+ 33.Kg2 a3 34.c6
Qe4+ 35.Kf1 Qxc6 36.Bd2 Qe4 37.Bc3 Qd3+ 38.Kg2 h6 39.gxh6 Qg6+ 40.Kf1 Qxh6
41.Qe5 Qd6 42.Qe8 Qd3+ 0-1

[Event "Bydgoszcz Bank Pocztowy op"]
[Site "Bydgoszcz"]
[Date "1999.07.14"]
[Round "3"]
[White "Czerwonski, Aleksander"]
[Black "Pavlenko, Oleg"]
[Result "1/2-1/2"]
[WhiteElo "2426"]
[BlackElo "2295"]
[EventDate "1999.07.12"]
[PlyCount "109"]

1.d4 Nf6 2.c4 e5 3.dxe5 Ng4 4.Bf4 Nc6 5.Nf3 Bb4+ 6.Nbd2 Qe7 7.a3 Ngxe5 8.
Nxe5 Nxe5 9.e3 Bxd2+ 10.Qxd2 d6 11.Qc3 f6 12.Be2 b6 13.O-O O-O 14.b4 c5 
15.Rfd1 Bb7 16.Rd2 Rad8 17.Rad1 g6 18.Bg3 Kg7 19.h3 Rfe8 20.bxc5 bxc5 21.
Qa5 Bc6 22.f3 Rd7 23.e4 Rb8 24.Bh4 Rb6 25.f4 Nf7 26.e5 dxe5 27.Rxd7 Bxd7 
28.Qxa7 Rd6 29.fxe5 Nxe5 30.Bf2 Rxd1+ 31.Bxd1 Qf7 32.Be2 Be6 33.Qxc5 Bxc4 
34.Bxc4 Nxc4 35.a4 Qe6 36.a5 g5 37.Qb5 Qe2 38.a6 Qd1+ 39.Kh2 Nd2 40.g4 
Nf3+ 41.Kg3 Nh4 42.Qb7+ Kg6 43.Qe4+ Kh6 44.Bc5 Qb3+ 45.Kf2 Qb2+ 46.Qe2 Qb8
47.Qd3 Qb2+ 48.Qe2 Qb8 49.Be3 Qh2+ 50.Ke1 Ng2+ 51.Kd2 Qe5 52.a7 Qb2+ 53.
Kd1 Qb3+ 54.Kc1 Qa3+ 55.Kd2 1/2-1/2

[Event "Bydgoszcz Bank Pocztowy op"]
[Site "Bydgoszcz"]
[Date "1999.07.14"]
[Round "3"]
[White "Filippov, Valerij"]
[Black "Moiseenko, Alexander"]
[Result "0-1"]
[WhiteElo "2605"]
[BlackElo "2501"]
[EventDate "1999.07.12"]
[PlyCount "88"]

1.Nf3 c5 2.c4 Nc6 3.d4 cxd4 4.Nxd4 Nf6 5.g3 e5 6.Nb5 d6 7.Bg5 Be6 8.Nd2 d5
9.cxd5 Bxd5 10.e4 Be6 11.Bc4 Bb4 12.Bxe6 fxe6 13.O-O O-O 14.a3 Bxd2 15.
Bxd2 Nxe4 16.Be3 a6 17.Qg4 axb5 18.Rad1 Qf6 19.Qxe4 Qf5 20.Qxf5 exf5 21.
Rd5 b4 22.axb4 Rad8 23.Rfd1 Nd4 24.Rxd8 Rxd8 25.Kg2 Kf7 26.b5 Ke6 27.f4 
Rd5 28.Bxd4 Rxd4 29.Rc1 exf4 30.gxf4 Rxf4 31.Rc7 Kf6 32.Rxb7 Rb4 33.b6 
Rxb2+ 34.Kg3 Rb3+ 35.Kg2 h6 36.Rb8 Kg5 37.b7 Kg4 38.Kf2 f4 39.Ke2 Kh3 40.
Rf8 Rxb7 41.Rxf4 Kxh2 42.Kf3 g5 43.Rf6 h5 44.Rf5 g4+ 0-1

[Event "Bydgoszcz Bank Pocztowy op"]
[Site "Bydgoszcz"]
[Date "1999.07.14"]
[Round "3"]
[White "Fiodorov, Mikhail"]
[Black "Kuzmin, Gennadi P"]
[Result "0-1"]
[WhiteElo "2352"]
[BlackElo "2518"]
[EventDate "1999.07.12"]
[PlyCount "92"]

1.d4 g6 2.Nf3 Bg7 3.c4 d6 4.e3 Nf6 5.Be2 O-O 6.Nc3 Nc6 7.b3 e5 8.dxe5 dxe5
9.Ba3 Re8 10.O-O e4 11.Nd2 Bf5 12.Qc2 a5 13.Rad1 Nb4 14.Qc1 Qe7 15.Bb2 
Rad8 16.Rfe1 h5 17.Nf1 h4 18.Rxd8 Rxd8 19.Rd1 c6 20.Rxd8+ Qxd8 21.Qd2 Qxd2
22.Nxd2 Nd7 23.a3 Na2 24.Nd1 Nc5 25.Bxg7 Kxg7 26.Nb2 Nc3 27.Kf1 b5 28.Ke1 
b4 29.axb4 axb4 30.Bd1 h3 31.g3 Nxd1 32.Kxd1 Kf6 33.Ke1 Bg4 34.Kf1 Ke5 35.
Ke1 Bh5 36.Kf1 f5 37.Ke1 Kd6 38.Kf1 g5 39.Ke1 Bg4 40.Kf1 Bf3 41.Kg1 Be2 
42.Kh1 Nd7 43.Kg1 Ne5 44.Kh1 g4 45.Kg1 Nf3+ 46.Nxf3 gxf3 0-1

[Event "Bydgoszcz Bank Pocztowy op"]
[Site "Bydgoszcz"]
[Date "1999.07.14"]
[Round "3"]
[White "Grabarczyk, Miroslaw"]
[Black "Galinsky, Timofey"]
[Result "1-0"]
[WhiteElo "2484"]
[BlackElo "2370"]
[EventDate "1999.07.12"]
[PlyCount "99"]

1.d4 Nf6 2.c4 c5 3.d5 b5 4.cxb5 a6 5.b6 Qxb6 6.Nc3 g6 7.Nf3 d6 8.e4 Bg4 9.
Qa4+ Bd7 10.Qb3 Qc7 11.Nd2 Bg7 12.Be2 O-O 13.O-O e6 14.Nc4 exd5 15.exd5 
Bb5 16.Nxb5 axb5 17.Qxb5 Rd8 18.Bd2 Na6 19.Ba5 Qb8 20.a4 Re8 21.Bf3 Bf8 
22.Bc3 Qd8 23.Nb6 Nc7 24.Qc6 Ra7 25.Rae1 Rxe1 26.Rxe1 Bg7 27.Nc4 Ra6 28.
Qb7 Rxa4 29.b3 Ra8 30.Ba5 Nfe8 31.Qc6 Bf8 32.h3 Qb8 33.Bb6 Na6 34.Ra1 Nac7
35.Ra4 Rxa4 36.bxa4 Na6 37.a5 Nf6 38.g3 Nb4 39.Qb5 Qb7 40.Qa4 Be7 41.Kg2 
Kg7 42.Qa1 h6 43.Bxc5 dxc5 44.d6 Qa7 45.dxe7 Qxe7 46.a6 Qa7 47.Bb7 g5 48.
Ne5 Kg8 49.Qa5 Qb8 50.Qxc5 1-0

[Event "Bydgoszcz Bank Pocztowy op"]
[Site "Bydgoszcz"]
[Date "1999.07.14"]
[Round "3"]
[White "Kovchan, Alexander"]
[Black "Poluljahov, Aleksandr"]
[Result "1/2-1/2"]
[WhiteElo "2448"]
[BlackElo "2554"]
[EventDate "1999.07.12"]
[PlyCount "65"]

1.e4 c5 2.Nf3 Nc6 3.d4 cxd4 4.Nxd4 Qc7 5.Nc3 e6 6.Be3 a6 7.Qd2 Nf6 8.f3 
Ne5 9.O-O-O b5 10.g4 h6 11.h4 b4 12.Na4 d5 13.Be2 Bb7 14.g5 hxg5 15.hxg5 
Rxh1 16.Rxh1 Nfd7 17.f4 Nc4 18.Bxc4 dxc4 19.g6 Bxe4 20.Rg1 c3 21.Qe2 cxb2+
22.Kxb2 f5 23.Nxe6 Qc6 24.Nd4 Qxa4 25.Qc4 Kd8 26.Rd1 Qa3+ 27.Kb1 Qxe3 28.
Ne6+ Ke7 29.Nc7 Kd8 30.Ne6+ Ke7 31.Nc7 Kd8 32.Ne6+ Ke7 33.Nc7 1/2-1/2

[Event "Bydgoszcz Bank Pocztowy op"]
[Site "Bydgoszcz"]
[Date "1999.07.14"]
[Round "3"]
[White "Sosnicki, Michal"]
[Black "Fedorchuk, Sergey A"]
[Result "0-1"]
[WhiteElo "2335"]
[BlackElo "2457"]
[EventDate "1999.07.12"]
[PlyCount "46"]

1.d4 Nf6 2.c4 e6 3.Nf3 b6 4.g3 Ba6 5.b3 Bb4+ 6.Bd2 Be7 7.Bg2 c6 8.O-O d5 
9.Qc2 Nbd7 10.cxd5 cxd5 11.Nc3 Rc8 12.Qb2 Ne4 13.Rfc1 O-O 14.Bf1 f5 15.Bf4
g5 16.Be5 Bb4 17.Nxe4 fxe4 18.Rxc8 Bxc8 19.a3 Be7 20.Ne1 Nxe5 21.dxe5 Bc5 
22.e3 d4 23.Rd1 dxe3 0-1

[Event "Bydgoszcz Bank Pocztowy op"]
[Site "Bydgoszcz"]
[Date "1999.07.14"]
[Round "3"]
[White "Sumets, Andrey"]
[Black "Ehrenfeucht, Wojciech"]
[Result "0-1"]
[WhiteElo "2455"]
[BlackElo "2316"]
[EventDate "1999.07.12"]
[PlyCount "120"]

1.e4 e5 2.Nf3 Nc6 3.Bb5 a6 4.Bxc6 dxc6 5.Nc3 c5 6.d3 Bd6 7.Be3 Ne7 8.Ne2 
f5 9.exf5 Nxf5 10.Bg5 Qd7 11.Ng3 Nxg3 12.hxg3 Qf5 13.Qe2 O-O 14.Be3 Bd7 
15.Nd2 Bc6 16.g4 Qg6 17.f3 b5 18.O-O-O c4 19.dxc4 e4 20.Nxe4 Bxe4 21.fxe4 
Rae8 22.c5 Bf4 23.Bxf4 Rxf4 24.Qd2 Rxg4 25.Qd5+ Kh8 26.e5 h6 27.Rd2 Re4 
28.Qb7 R4xe5 29.Rhd1 Rxc5 30.c3 Qc6 31.Qxc6 Rxc6 32.Rd7 Kh7 33.R1d2 Re4 
34.Kd1 h5 35.Re2 Rd6+ 36.Rxd6 Rxe2 37.Rd5 Rxb2 38.Rxh5+ Kg6 39.Rc5 Rxg2 
40.Rc6+ Kf5 41.Rxa6 Ke4 42.Rc6 g5 43.Rxc7 g4 44.Rb7 Rxa2 45.Ke1 Rb2 46.Kf1
Kf3 47.Rf7+ Kg3 48.Rf5 b4 49.cxb4 Rxb4 50.Rg5 Rb1+ 51.Ke2 Rg1 52.Rg8 Kh2 
53.Kf2 g3+ 54.Kf3 Rf1+ 55.Kg4 g2 56.Rh8+ Kg1 57.Ra8 Re1 58.Rf8 Re7 59.Kf3 
Rh7 60.Ra8 Kh1 0-1

[Event "Bydgoszcz Bank Pocztowy op"]
[Site "Bydgoszcz"]
[Date "1999.07.14"]
[Round "3"]
[White "Vokarev, Sergey"]
[Black "Malaniuk, Vladimir P"]
[Result "0-1"]
[WhiteElo "2469"]
[BlackElo "2525"]
[EventDate "1999.07.12"]
[PlyCount "126"]

1.e4 e5 2.Nf3 Nc6 3.Nc3 Nf6 4.d4 exd4 5.Nxd4 Bb4 6.Nxc6 bxc6 7.Bd3 d5 8.
exd5 cxd5 9.O-O O-O 10.Bg5 c6 11.Na4 h6 12.Bh4 Re8 13.c4 Bd6 14.cxd5 cxd5 
15.Rc1 Bf4 16.Rc5 Qd6 17.Bg3 Bg4 18.Qc2 Rac8 19.b4 Ne4 20.Bxe4 dxe4 21.
Rxc8 Bxc8 22.Rd1 e3 23.Rxd6 e2 24.Qxe2 Rxe2 25.Rd8+ Kh7 26.Kf1 Ba6 27.Nc5 
Bxg3 28.Nxa6 Rxf2+ 29.Kg1 Bh4 30.Rd4 Rxa2 31.Rxh4 Rxa6 32.Rc4 Rb6 33.Rc7 
a6 34.Rxf7 Rxb4 35.Ra7 Ra4 36.h3 h5 37.Kf2 h4 38.Kg1 Kg6 39.Kh2 Kf6 40.Rc7
Re4 41.Ra7 Ra4 42.Rc7 g6 43.Rc6+ Kg5 44.Rb6 a5 45.Rb5+ Kf4 46.Rc5 g5 47.
Rd5 Ra2 48.Rd4+ Ke5 49.Rg4 Kf5 50.Rc4 a4 51.Rc5+ Kf4 52.Rc4+ Ke3 53.Rb4 
Kd3 54.Kg1 a3 55.Rb3+ Ke2 56.g3 Kd1 57.gxh4 Kc2 58.Re3 Ra1+ 59.Kf2 gxh4 
60.Re2+ Kd3 61.Re3+ Kd4 62.Rb3 a2 63.Rb4+ Ke5 0-1

[Event "Bydgoszcz Bank Pocztowy op"]
[Site "Bydgoszcz"]
[Date "1999.07.15"]
[Round "4"]
[White "Agamaliev, Gamil"]
[Black "Antoniewski, Rafal"]
[Result "1-0"]
[WhiteElo "2478"]
[BlackElo "2417"]
[EventDate "1999.07.12"]
[PlyCount "103"]

1.e4 c5 2.Nf3 d6 3.d4 cxd4 4.Nxd4 Nf6 5.Nc3 a6 6.Be2 e6 7.f4 Qc7 8.O-O Nc6
9.Be3 Be7 10.Qe1 O-O 11.Qg3 Nxd4 12.Bxd4 b5 13.a3 Bb7 14.Kh1 Bc6 15.e5 
dxe5 16.Bxe5 Qb7 17.f5 exf5 18.Rxf5 Ne8 19.Rff1 Rd8 20.Rad1 g6 21.Bf3 Bxf3
22.Qxf3 Qxf3 23.gxf3 f6 24.Bg3 f5 25.Nd5 Kf7 26.Nb4 Rxd1 27.Rxd1 Bxb4 28.
axb4 g5 29.Rd7+ Kg6 30.Rd8 Kg7 31.Be5+ Kf7 32.Ra8 Ke6 33.Bc3 Kd5 34.Kg2 
Rg8 35.Rd8+ Kc6 36.Be5 h5 37.b3 f4 38.c4 g4 39.fxg4 Kb7 40.Kf3 hxg4+ 41.
Kxf4 Rf8+ 42.Kg5 Kc6 43.Kh6 Kb7 44.Bg7 Rg8 45.Be5 Kc6 46.Kh7 Rf8 47.Kg6 
Kb7 48.Rd7+ Kc6 49.Rf7 Rg8+ 50.Kh7 Rg5 51.Re7 g3 52.hxg3 1-0

[Event "Bydgoszcz Bank Pocztowy op"]
[Site "Bydgoszcz"]
[Date "1999.07.15"]
[Round "4"]
[White "Jaracz, Barbara"]
[Black "Ziolkowski, Dawid"]
[Result "0-1"]
[WhiteElo "2293"]
[BlackElo "2123"]
[EventDate "1999.07.12"]
[PlyCount "70"]

1.e4 e6 2.d4 d5 3.Nc3 Bb4 4.e5 c5 5.a3 Bxc3+ 6.bxc3 Ne7 7.Nf3 Bd7 8.a4 Qa5
9.Bd2 c4 10.Qb1 b6 11.Qa2 Nbc6 12.Be2 f6 13.exf6 gxf6 14.Nh4 O-O-O 15.Qa3 
Rhg8 16.Qd6 Kb7 17.O-O Nc8 18.Qf4 e5 19.Qxf6 exd4 20.Nf3 Rdf8 21.Qh6 dxc3 
22.Qxh7 N8e7 23.Ne5 Nxe5 24.Qxe7 Re8 25.Qh7 cxd2 26.f4 Qc5+ 27.Kh1 Rh8 28.
Qg7 Qf8 29.Qxf8 Rhxf8 30.fxe5 Rxf1+ 31.Rxf1 Rxe5 32.Bd1 c3 33.g4 Re1 34.
Kg2 Rxd1 35.Rxd1 Bxg4 0-1

[Event "Bydgoszcz Bank Pocztowy op"]
[Site "Bydgoszcz"]
[Date "1999.07.15"]
[Round "4"]
[White "Kuzmin, Gennadi P"]
[Black "Kovchan, Alexander"]
[Result "1/2-1/2"]
[WhiteElo "2518"]
[BlackElo "2448"]
[EventDate "1999.07.12"]
[PlyCount "109"]

1.e4 c5 2.Nf3 g6 3.d4 Bg7 4.d5 d6 5.h3 Nf6 6.Nc3 O-O 7.Be2 b5 8.Nxb5 Nxe4 
9.O-O e5 10.dxe6 Bxe6 11.Nd2 Nxd2 12.Bxd2 Nc6 13.Bf4 Bxb2 14.Bxd6 Bxa1 15.
Bxf8 Qxd1 16.Rxd1 Nd4 17.Bf1 Rxf8 18.Rxa1 Nxb5 19.Bxb5 Rd8 20.Re1 Rd2 21.
Ba4 Rd4 22.Bb5 Rd2 23.Ba4 Bxa2 24.Re5 Bd5 25.c4 Bxc4 26.Rxc5 Be6 27.Ra5 
Ra2 28.Rxa7 Kg7 29.Ra8 Ra1+ 30.Kh2 Bd5 31.Rd8 Bxg2 32.Kxg2 Rxa4 33.Rd5 Kf6
34.Rb5 Re4 35.Kg3 h6 36.Ra5 Re5 37.Ra7 Ke6 38.Rb7 Ra5 39.Rc7 f6 40.Rb7 Kf5
41.Rb6 g5 42.Rc6 h5 43.Rc4 Ke5 44.Rb4 Rd5 45.Ra4 Rd3+ 46.Kg2 Rd4 47.Ra5+ 
Kf4 48.Ra6 f5 49.Rh6 h4 50.Rh8 Rd3 51.Rh7 Rd8 52.Ra7 Re8 53.Ra4+ Re4 54.
Ra8 Rd4 55.Rh8 1/2-1/2

[Event "Bydgoszcz Bank Pocztowy op"]
[Site "Bydgoszcz"]
[Date "1999.07.15"]
[Round "4"]
[White "Madynski, Pawel"]
[Black "Sosnicki, Michal"]
[Result "0-1"]
[WhiteElo "2194"]
[BlackElo "2335"]
[EventDate "1999.07.12"]
[PlyCount "108"]

1.e4 e5 2.Nf3 Nc6 3.Nc3 Nf6 4.Bb5 d6 5.d4 exd4 6.Nxd4 Bd7 7.O-O Be7 8.Re1 
O-O 9.f4 Re8 10.Bxc6 bxc6 11.e5 dxe5 12.Rxe5 Ng4 13.Re1 Bc5 14.Rxe8+ Bxe8 
15.Ne2 Qh4 16.h3 Qf2+ 17.Kh1 Rd8 18.c3 Rd6 19.f5 Ne3 20.Bxe3 Qxe3 21.Qe1 
Bd7 22.Rd1 Rd5 23.f6 Bxh3 24.Qh4 Bd7 25.Re1 Qg5 26.Qxg5 Rxg5 27.fxg7 Re5 
28.Rf1 Bg4 29.Ng3 Bxd4 30.cxd4 Rd5 31.Rf4 f5 32.Nf1 c5 33.dxc5 Rxc5 34.Ne3
h5 35.Ra4 a5 36.b4 axb4 37.Rxb4 Kxg7 38.Kh2 Rc3 39.Nd5 Rc5 40.Nf4 Kf6 41.
Ra4 Rc2 42.Ra6+ Ke5 43.Nd3+ Kd4 44.Nb4 Rb2 45.Nc6+ Kc5 46.Ne5 Kd5 47.Ra5+ 
Ke6 48.Nxg4 hxg4 49.Rc5 f4 50.Kg1 g3 51.Kf1 Rf2+ 52.Kg1 Rxa2 53.Kf1 Rf2+ 
54.Kg1 Kd6 0-1

[Event "Bydgoszcz Bank Pocztowy op"]
[Site "Bydgoszcz"]
[Date "1999.07.15"]
[Round "4"]
[White "Malakhatko, Vadim"]
[Black "Vaulin, Alexander"]
[Result "1-0"]
[WhiteElo "2537"]
[BlackElo "2492"]
[EventDate "1999.07.12"]
[PlyCount "81"]

1.d4 d5 2.Nf3 e6 3.c4 dxc4 4.e4 c5 5.Bxc4 cxd4 6.Nxd4 a6 7.O-O Bd6 8.Bb3 
Nf6 9.Nc3 O-O 10.Nf3 Nc6 11.Bg5 Ne5 12.Kh1 Nxf3 13.Qxf3 Be5 14.Qe2 h6 15.
Bh4 g5 16.Bg3 Qc7 17.Rac1 Qb8 18.Na4 Bxg3 19.hxg3 b5 20.Nc5 Qe5 21.Rc3 Ra7
22.f4 gxf4 23.gxf4 Qh5+ 24.Qxh5 Nxh5 25.Rh3 Nf6 26.e5 Nd7 27.Rff3 Rd8 28.
Ne4 Bb7 29.Rfg3+ Kf8 30.Nd6 Nc5 31.Rxh6 Ne4 32.Nxe4 Bxe4 33.Bxe6 Rd2 34.
Bb3 a5 35.Rh8+ Ke7 36.Rg7 Bd5 37.Rhh7 Bxb3 38.axb3 Ke6 39.Rh6+ Ke7 40.e6 
Kf8 41.Rhh7 1-0

[Event "Bydgoszcz Bank Pocztowy op"]
[Site "Bydgoszcz"]
[Date "1999.07.15"]
[Round "4"]
[White "Ribkinskis, Tomass"]
[Black "Braslavsky, Aleksandr"]
[Result "0-1"]
[WhiteElo "2070"]
[BlackElo "2295"]
[EventDate "1999.07.12"]
[PlyCount "72"]

1.d4 Nf6 2.Nf3 g6 3.c4 Bg7 4.Nc3 O-O 5.Bg5 h6 6.Bh4 d6 7.e3 Nbd7 8.Be2 e5 
9.dxe5 dxe5 10.O-O c6 11.Ne4 g5 12.Nxf6+ Bxf6 13.Bg3 h5 14.h3 h4 15.Bh2 
Qe7 16.Nd2 Nc5 17.Qc2 Bg7 18.Rae1 f5 19.f4 gxf4 20.exf4 e4 21.Kh1 Ne6 22.
Nb3 c5 23.Bg1 Nd4 24.Qc1 Be6 25.Be3 Bf6 26.Rf2 Kh8 27.Nd2 a5 28.Bd1 Rg8 
29.Nf1 Rg6 30.a3 Rag8 31.Bh5 Rh6 32.Bd1 Qg7 33.Qd2 Rg6 34.b3 Nf3 35.gxf3 
Rg1+ 36.Kh2 Rh1+ 0-1

[Event "Bydgoszcz Bank Pocztowy op"]
[Site "Bydgoszcz"]
[Date "1999.07.15"]
[Round "4"]
[White "Sawicki, Mikolaj"]
[Black "Vinogradov, Pavel"]
[Result "0-1"]
[WhiteElo "2076"]
[BlackElo "2288"]
[EventDate "1999.07.12"]
[PlyCount "90"]

1.e4 c5 2.Nf3 e6 3.d4 cxd4 4.Nxd4 a6 5.Bd3 Nf6 6.O-O Qc7 7.Qe2 d6 8.c4 g6 
9.Nc3 Bg7 10.Nf3 O-O 11.Rd1 Nbd7 12.Bf4 Nh5 13.Be3 b6 14.Rac1 Bb7 15.Qd2 
Rad8 16.b3 Nc5 17.Bd4 Bxd4 18.Nxd4 Qb8 19.Bb1 Nf6 20.Qe2 Rfe8 21.f4 e5 22.
fxe5 Rxe5 23.Nf3 Re7 24.Nd2 Rde8 25.Re1 Qa8 26.Qf2 Nfxe4 27.Ndxe4 Nxe4 28.
Bxe4 Bxe4 29.Qxb6 Bxg2 30.Rxe7 Rxe7 31.Qxd6 Re6 32.Qd3 Be4 33.Qd4 Qc6 34.
Nd5 Bxd5 35.Qxd5 Qc7 36.Rf1 Re5 37.Qf3 a5 38.Kh1 a4 39.Rc1 Rf5 40.Qg2 axb3
41.axb3 Qb6 42.c5 Qxb3 43.c6 Qe3 44.Qg1 Rf2 45.Qxf2 Qxf2 0-1

[Event "Bydgoszcz Bank Pocztowy op"]
[Site "Bydgoszcz"]
[Date "1999.07.15"]
[Round "4"]
[White "Solodovnichenko, Yuri"]
[Black "Filippov, Valerij"]
[Result "1/2-1/2"]
[WhiteElo "2436"]
[BlackElo "2605"]
[EventDate "1999.07.12"]
[PlyCount "74"]

1.e4 c5 2.Nf3 e6 3.d4 cxd4 4.Nxd4 Nf6 5.Nc3 Nc6 6.Ndb5 d6 7.Bf4 e5 8.Bg5 
a6 9.Na3 b5 10.Bxf6 gxf6 11.Nd5 f5 12.exf5 Bxf5 13.c3 Bg7 14.Nc2 Be6 15.
Nce3 Ne7 16.Nxe7 Qxe7 17.g3 d5 18.Bg2 Rd8 19.O-O O-O 20.Qe2 f5 21.Rfd1 e4 
22.Nc2 f4 23.f3 Be5 24.fxe4 fxg3 25.Qh5 gxh2+ 26.Kh1 Qg7 27.Ne3 dxe4 28.
Bxe4 Bf4 29.Rxd8 Rxd8 30.Ng2 Bc7 31.Re1 Bxa2 32.b3 Bxb3 33.c4 Bxc4 34.Bd5+
Bxd5 35.Re8+ Rxe8 36.Qxe8+ Qf8 37.Qxf8+ Kxf8 1/2-1/2

[Event "Bydgoszcz Bank Pocztowy op"]
[Site "Bydgoszcz"]
[Date "1999.07.15"]
[Round "4"]
[White "Struk, Jerzy"]
[Black "Borchardt, Adam"]
[Result "1-0"]
[WhiteElo "2270"]
[BlackElo "2063"]
[EventDate "1999.07.12"]
[PlyCount "91"]

1.e4 d6 2.d4 Nd7 3.Nf3 e5 4.Nc3 Ngf6 5.Bc4 Be7 6.O-O c6 7.a4 O-O 8.Ba2 h6 
9.h3 Nh7 10.Be3 Kh8 11.Ne2 Ng5 12.Ng3 g6 13.h4 Nxf3+ 14.Qxf3 Kg7 15.Rad1 
Bxh4 16.c4 Qf6 17.Qe2 c5 18.dxc5 dxc5 19.Rd5 b6 20.Qd2 Rd8 21.Bxh6+ Kh7 
22.Be3 a5 23.Ne2 Qe7 24.Rd1 Ra7 25.Nc3 Ba6 26.Nb5 Bxb5 27.cxb5 Bf6 28.g3 
g5 29.Bc4 Kg7 30.Rd6 Raa8 31.Rxd7 Rxd7 32.Qxd7 Rd8 33.Qxd8 Qxd8 34.Rxd8 
Bxd8 35.Kg2 f6 36.Kf3 Kg6 37.Kg4 Bc7 38.Bd5 Bd8 39.f4 gxf4 40.gxf4 Bc7 41.
Bc6 Kf7 42.Kf5 Ke7 43.Bd2 Bb8 44.b3 Bc7 45.Bc3 exf4 46.Bxf6+ 1-0

[Event "Bydgoszcz Bank Pocztowy op"]
[Site "Bydgoszcz"]
[Date "1999.07.15"]
[Round "4"]
[White "Szczechowicz, Bartosz"]
[Black "Fiodorov, Mikhail"]
[Result "1/2-1/2"]
[WhiteElo "2249"]
[BlackElo "2352"]
[EventDate "1999.07.12"]
[PlyCount "77"]

1.e4 c5 2.Nf3 Nc6 3.d4 cxd4 4.Nxd4 g6 5.c4 Nf6 6.Nc3 Nxd4 7.Qxd4 d6 8.Bg5 
Bg7 9.Be2 O-O 10.Qd2 Be6 11.O-O Qa5 12.Rfd1 Rfc8 13.Bxf6 Bxf6 14.Nd5 Qxd2 
15.Rxd2 Kg7 16.g3 Rc5 17.Rb1 a5 18.a4 h5 19.h4 Bg4 20.f3 Be6 21.Kf2 Ra7 
22.Ne3 Kf8 23.f4 Ke8 24.Rbd1 Bg7 25.e5 Ra8 26.exd6 exd6 27.Rxd6 Bxb2 28.
Rb6 Bf6 29.Rxb7 Rd8 30.Rxd8+ Kxd8 31.Nd5 Bd4+ 32.Ke1 Bxd5 33.cxd5 Rxd5 34.
Rxf7 Ke8 35.Rb7 Bc3+ 36.Kf2 Kf8 37.Rb8+ Kg7 38.Rb7+ Kf8 39.Rb8+ 1/2-1/2

[Event "Bydgoszcz Bank Pocztowy op"]
[Site "Bydgoszcz"]
[Date "1999.07.15"]
[Round "4"]
[White "Zulfugarli, Magomed"]
[Black "Vokarev, Sergey"]
[Result "1-0"]
[WhiteElo "2388"]
[BlackElo "2469"]
[EventDate "1999.07.12"]
[PlyCount "81"]

1.e4 c5 2.Nf3 Nc6 3.d4 cxd4 4.Nxd4 g6 5.c4 Bg7 6.Be3 Nf6 7.Nc3 O-O 8.Be2 
b6 9.O-O Bb7 10.f3 Qb8 11.Nc2 Rd8 12.Qe1 d6 13.Rd1 Rd7 14.Bg5 Qf8 15.b3 
Rc8 16.f4 Rdd8 17.Bf3 Nd7 18.Nd5 f6 19.Bh4 e6 20.Nc3 Qe7 21.Qe3 Bh6 22.Be2
Nde5 23.Bg3 Nf7 24.Qf2 Re8 25.Rfe1 Qf8 26.Bf1 f5 27.exf5 gxf5 28.Nb5 Bg7 
29.Bd3 Bf6 30.Re2 Re7 31.Rde1 Rce8 32.Kh1 Qg7 33.Bh4 e5 34.Bxf5 Bxh4 35.
Qxh4 a6 36.Nc3 exf4 37.Ne4 Ng5 38.Nxg5 h6 39.Be6+ Kh8 40.Nf3 Ne5 41.Bd5 
1-0

[Event "Bydgoszcz Bank Pocztowy op"]
[Site "Bydgoszcz"]
[Date "1999.07.16"]
[Round "5"]
[White "Antoniewski, Rafal"]
[Black "Raudive, Aivars"]
[Result "1/2-1/2"]
[WhiteElo "2417"]
[BlackElo "2240"]
[EventDate "1999.07.12"]
[PlyCount "103"]

1.e4 Nf6 2.e5 Nd5 3.d4 d6 4.Nf3 Bg4 5.Be2 Nc6 6.exd6 exd6 7.O-O Be7 8.h3 
Bh5 9.c4 Nb6 10.d5 Bxf3 11.Bxf3 Ne5 12.Be2 O-O 13.Nd2 Re8 14.Rb1 a5 15.b3 
Nbd7 16.a3 Nc5 17.Qc2 Ng6 18.b4 axb4 19.axb4 Nf4 20.Bg4 Ncd3 21.g3 h5 22.
gxf4 Nxc1 23.Bf3 Na2 24.Rb2 Nc3 25.Qxc3 Bf6 26.Qb3 Bxb2 27.Qxb2 Qh4 28.Bg2
Qxf4 29.Qc1 Ra2 30.Nf3 Qxc1 31.Rxc1 Ree2 32.Rf1 Rec2 33.c5 dxc5 34.bxc5 
Rxc5 35.Nd4 Rb2 36.Rd1 g6 37.Bf3 Kf8 38.Kg2 Rc4 39.Rd3 Ke7 40.Bd1 Kd6 41.
Nf3 Rf4 42.Kg3 Rf5 43.Bb3 h4+ 44.Kxh4 Rxf2 45.Kg3 Rf1 46.Rc3 f6 47.h4 g5 
48.hxg5 fxg5 49.Bc4 Rh1 50.Nd4 Rxd5 51.Bxd5 Kxd5 52.Rxc7 1/2-1/2

[Event "Bydgoszcz Bank Pocztowy op"]
[Site "Bydgoszcz"]
[Date "1999.07.16"]
[Round "5"]
[White "Braslavsky, Aleksandr"]
[Black "Fedorchuk, Sergey A"]
[Result "0-1"]
[WhiteElo "2295"]
[BlackElo "2457"]
[EventDate "1999.07.12"]
[PlyCount "98"]

1.e4 e5 2.Nf3 Nc6 3.Bb5 a6 4.Ba4 Nf6 5.O-O b5 6.Bb3 Bc5 7.Nxe5 Nxe5 8.d4 
Bxd4 9.Qxd4 d6 10.c3 Bb7 11.Bf4 c5 12.Qe3 Qe7 13.Nd2 O-O 14.Rfe1 h6 15.h3 
Rfe8 16.Rad1 Rad8 17.f3 Ng6 18.Nf1 Nh5 19.Bh2 Qf6 20.Ng3 Nhf4 21.Nf5 Bc8 
22.Bxf4 Bxf5 23.Bg3 Be6 24.Bd5 Bxd5 25.Rxd5 Ne7 26.Rd3 Nf5 27.Qf2 Nxg3 28.
Qxg3 Re6 29.Red1 Qe7 30.Rd5 Rg6 31.Qf4 Re6 32.Qd2 c4 33.Qd4 f6 34.Qb6 Kh7 
35.Qxa6 f5 36.Rxf5 d5 37.Qa5 Rg6 38.Rfxd5 Rxd5 39.Rxd5 Qh4 40.Kf1 Qf4 41.
Qd8 Qh2 42.g4 Rf6 43.Qxf6 gxf6 44.Rxb5 Qxh3+ 45.Kf2 Qh2+ 46.Kf1 Qc2 47.a3 
Kg6 48.Ke1 Qg2 49.Rb4 Qxf3 0-1

[Event "Bydgoszcz Bank Pocztowy op"]
[Site "Bydgoszcz"]
[Date "1999.07.16"]
[Round "5"]
[White "Brodsky, Michail"]
[Black "Stets, Dmitry"]
[Result "1-0"]
[WhiteElo "2512"]
[BlackElo "2409"]
[EventDate "1999.07.12"]
[PlyCount "81"]

1.e4 c5 2.Nf3 d6 3.d4 cxd4 4.Nxd4 Nf6 5.Nc3 g6 6.Be3 Bg7 7.f3 O-O 8.Qd2 
Nc6 9.O-O-O d5 10.exd5 Nxd5 11.Nxc6 bxc6 12.Bd4 e5 13.Bc5 Be6 14.Ne4 Rb8 
15.Bc4 a5 16.a4 Qc7 17.g4 Rfd8 18.Qf2 Qb7 19.b3 Nf4 20.Rxd8+ Rxd8 21.Qh4 
Qd7 22.Bb6 Rb8 23.Rd1 Bd5 24.Bf2 Qe6 25.Ba7 Re8 26.Bc5 h6 27.g5 h5 28.Bf1 
Rb8 29.Qe1 Qf5 30.Bd6 Ra8 31.h4 Ne6 32.Qe3 Nd4 33.Bg2 Bf8 34.Bxe5 Ba3+ 35.
Kb1 c5 36.f4 Ra6 37.Qd3 c4 38.Qxd4 cxb3 39.Qxd5 bxc2+ 40.Kxc2 Qc8+ 41.Bc3 
1-0

[Event "Bydgoszcz Bank Pocztowy op"]
[Site "Bydgoszcz"]
[Date "1999.07.16"]
[Round "5"]
[White "Czerwonski, Aleksander"]
[Black "Struk, Jerzy"]
[Result "1-0"]
[WhiteElo "2426"]
[BlackElo "2270"]
[EventDate "1999.07.12"]
[PlyCount "59"]

1.d4 d5 2.c4 e6 3.Nf3 Nf6 4.Nc3 Be7 5.Bg5 h6 6.Bxf6 Bxf6 7.e3 O-O 8.Qd2 a5
9.h4 dxc4 10.O-O-O b5 11.Nxb5 Bb7 12.Bxc4 Nd7 13.Qc2 Nb6 14.Be2 a4 15.g4 
Ra5 16.Nc3 Qa8 17.Rh3 Nd5 18.g5 Nxc3 19.Qxc3 Be7 20.gxh6 c5 21.Rg1 cxd4 
22.Rxg7+ Kh8 23.Bd3 Be4 24.Qxd4 Rc8+ 25.Kd2 Rc2+ 26.Bxc2 Rd5 27.Rh7+ Kxh7 
28.Bxe4+ Kxh6 29.Bxd5 exd5 30.Qf4+ 1-0

[Event "Bydgoszcz Bank Pocztowy op"]
[Site "Bydgoszcz"]
[Date "1999.07.16"]
[Round "5"]
[White "Filippov, Valerij"]
[Black "Gashimov, Vugar"]
[Result "1-0"]
[WhiteElo "2605"]
[BlackElo "2426"]
[EventDate "1999.07.12"]
[PlyCount "67"]

1.Nf3 Nf6 2.c4 e6 3.g3 b6 4.Bg2 Bb7 5.O-O Be7 6.Nc3 O-O 7.Re1 d6 8.e4 c5 
9.d4 cxd4 10.Nxd4 Qc8 11.Be3 a6 12.Rc1 Nbd7 13.f4 Qc7 14.g4 h6 15.g5 hxg5 
16.fxg5 Ne8 17.g6 Ne5 18.gxf7+ Rxf7 19.Nxe6 Qxc4 20.Nf4 Bg5 21.b3 Qb4 22.
Nfd5 Bxe3+ 23.Rxe3 Bxd5 24.Nxd5 Qb5 25.Bh3 Qa5 26.Be6 Qxa2 27.Rc2 Qa5 28.
Qf1 Qb5 29.Ne7+ Kf8 30.Ng6+ Kg8 31.Qxb5 axb5 32.Nxe5 dxe5 33.Rf3 Ra7 34.
Rxf7 1-0